The wind obeys Lama Toru. (Record no. 80530)

MARC details
000 -LEADER
fixed length control field 00482cam a22001931 4500
001 - CONTROL NUMBER
control field sa 68005115
003 - CONTROL NUMBER IDENTIFIER
control field DLC
005 - DATE AND TIME OF LATEST TRANSACTION
control field 20260227112506.0
008 - FIXED-LENGTH DATA ELEMENTS--GENERAL INFORMATION
fixed length control field 680310s1967 ii 000 1 eng
010 ## - LIBRARY OF CONGRESS CONTROL NUMBER
LC control number sa 68005115
025 ## - OVERSEAS ACQUISITION NUMBER
Overseas acquisition number PL480:I-E-9884
040 ## - CATALOGING SOURCE
Original cataloging agency DLC
Transcribing agency DLC
Modifying agency DLC
050 00 - LIBRARY OF CONGRESS CALL NUMBER
Classification number PZ4.L4817
Item number Wi
Classification number PR9499.3
100 1# - MAIN ENTRY--PERSONAL NAME
Personal name Lee, Tung.
245 14 - TITLE STATEMENT
Title The wind obeys Lama Toru.
260 ## - PUBLICATION, DISTRIBUTION, ETC.
Place of publication, distribution, etc. [Bombay]
Name of publisher, distributor, etc. Kutub-Popular
Date of publication, distribution, etc. [1967]
300 ## - PHYSICAL DESCRIPTION
Extent xvi, 191 p.
Dimensions 19 cm.
350 ## - PRICE (NR) (BK AM CF MU VM SE) [OBSOLETE]
Price Rs11

No items available.

Powered by Koha